00512nam a2200169 i 4500001000300000100002000003245005300023260002100076040000800097041000800105080001700113942000700130008004100137999001700178856009800195952004900293bg1 aBARBAG, Józef 0aGeografia gospodarki świata /cJózef Barbag. aWarszawa,c1984. cBPK apol a913(100)::33 cKS s pl f |000 0 pol  c22884d22884 uhttp://koha.tu.koszalin.pl/cgi-bin/koha/opac-detail.pl?biblionumber=22884yKatalog online BPK 00104070aBPKbBPKcwo32168p01309591yKS